ბათუმის შოთა რუსთაველის სახელმწიფო უნივერსიტეტის ბიბლიოთეკა

კოდექს ალიმენტარიუსის კომისია. (ბიბ.ჩანაწერი № 35453)

000 -LEADER
fixed length control field 00796nam a2200217Ia 4500
001 - CONTROL NUMBER
control field 1311
003 - CONTROL NUMBER IDENTIFIER
control field GE_BSU
008 - FIXED-LENGTH DATA ELEMENTS--GENERAL INFORMATION
fixed length control field 181216s||||||||xx |||||||||||||| ||und||
040 ## - CATALOGING SOURCE
Transcribing agency GE_BSU
080 ## - UNIVERSAL DECIMAL CLASSIFICATION NUMBER
Universal Decimal Classification number 34(094.4)+33(094.4)+614.3
245 ## - TITLE STATEMENT
Title კოდექს ალიმენტარიუსის კომისია.
245 ## - TITLE STATEMENT
Remainder of title სურსათის ჰიგიენის ძირითადი საკითხები.
250 ## - EDITION STATEMENT
Edition statement გამოც. მე-2.
260 ## - PUBLICATION, DISTRIBUTION, ETC.
Place of publication, distribution, etc. თბილისი
260 ## - PUBLICATION, DISTRIBUTION, ETC.
Date of publication, distribution, etc. 2004
300 ## - PHYSICAL DESCRIPTION
Extent 68 გვ. 20 სმ.
653 ## - INDEX TERM--UNCONTROLLED
Uncontrolled term სურსათის ჰიგიენა.
653 ## - INDEX TERM--UNCONTROLLED
Uncontrolled term სურსათის ჰიგიენის ძირითადი საკითხები.
942 ## - ADDED ENTRY ELEMENTS (KOHA)
Koha item type წიგნი
ეგზემპლარები
Withdrawn status Lost status Damaged status Not for loan Date acquired Barcode Date last seen Price effective from Koha item type
        2018-12-17 2681 2018-12-17 2018-12-17 წიგნი